000 00411nam a2200169Ia 4500
001 7580
003 IN-NITTTR
005 20251114233029.0
008 251113s9999||||xx |||||||||||||| ||eng||
040 _beng
040 _cIN-NITTTR
041 _aeng
082 _a153.9 L989I
100 _aLyman, Howard B.
245 0 _aIntelligence, aptitude, and achivement testing /
_cLyman, Howard B.
942 _2ddc
_cBK
999 _c10218
_d10218